000 00513cam a22002051 4500
001 he 66000459
003 DLC
005 20260227111436.0
008 840529s1965 is 000 0 heb
010 _ahe 66000459
035 _a(OCoLC)19143563
040 _aDLC
_cMH
_dDLC
042 _apremarc
050 0 0 _aKFI4259
_b.S44 1933
100 2 _aShem-Ur, Orah.
245 1 0 _aBa-bayit ha-kol be-seder.
260 _aRamat Gan :
_bMasadah
_c[1965?]
300 _a149 p. ;
_c21 cm.
752 _aIsrael
_dRamat Gan
999 _c31585
_d31585